000 00425nam a2200181Ia 4500
001 10824
005 20260306161900.0
008 260306t1991||||xx |||||||||||||| ||spa||
041 _aESP
082 _a973.2
_bM84
100 _aMonge, Fernando
_eAUT
245 0 _aExpediciones a la Costa Noroeste
260 _c1991
300 _a235 páginas :
_c19 cm.
650 _aGEN
654 _aCHU
942 _cLIB
_dJUS
_fJUS
_2ddc
_n
999 _c10824
_d10824